Statistics for Only The Poets - Even Hell (all lyrics)

Click here to take the quiz!

General Stats

  • This quiz has been taken 7 times
  • The average score is 204 of 267

Answer Stats

Answer% Correct
a
100%
Even
100%
even
100%
feel
100%
hell
100%
I
100%
in
100%
like
100%
the
100%
you
100%
are
86%
as
86%
As
86%
Feels
86%
feels
86%
hear
86%
I'm
86%
me
86%
my
86%
My
86%
oh
86%
On
86%
them
86%
When
86%
when
86%
alive
71%
all
71%
alone
71%
and
71%
go
71%
got
71%
hearts
71%
heavy
71%
Hold
71%
home
71%
It's
71%
just
71%
know
71%
long
71%
not
71%
steady
71%
wanna
71%
with
71%
yeah
71%
You're
71%
you're
71%
Be
57%
breaking
57%
but
57%
'cause
57%
city
57%
Come
57%
come
57%
escape
57%
happens
57%
left
57%
lonely
57%
madness
57%
mistakes
57%
nice
57%
now
57%
racing
57%
road
57%
shoulders
57%
swear
57%
they
57%
this
57%
This
57%
to
57%
tonight
57%
tv
57%
walk
57%
way
57%
we've
57%
Whatever
57%
whatever
57%
dark
43%
hug
43%
light
43%
make
43%
Panic
43%
rats
43%
screens
43%
Their
43%
believing
29%
better
29%
bird
29%
car
29%
consolation
29%
feather
29%
getaway
29%
inspiration
29%
keep
29%
magic
29%
song
29%

Score Distribution

Percentile by Number Answered

Percent of People with Each Score

Your Score History

You have not taken this quiz